Entrada Nombre personal
Número de registros utilizados en: 1
001 - NÚMERO DE CONTROL
- campo de control: 241365
003 - IDENTIFICADOR DE NÚMERO DE CONTROL
- campo de control: SpMaBN
005 - FECHA Y HORA DE LA ÚLTIMA TRANSACCIÓN
- campo de control: 20250721154248.0
008 - ELEMENTOS DE DATO DE LONGITUD-FIJA
- campo de control de longitud fija: 200821n| azznnaabn |n aaa
024 7# - IDENTIFICADOR DE OTROS ESTÁNDARES
- Número estándar o código: http://www.wikidata.org/entity/Q5993048
- Fuente: wikidata
024 7# - IDENTIFICADOR DE OTROS ESTÁNDARES
- Número estándar o código: http://viaf.org/viaf/9340160245375852640004/
- Fuente: viaf
040 ## - FUENTE DE CATALOGACIÓN
- Centro catalogador/agencia de origen: SpMaBN
- Lengua de catalogación: spa
- Centro/agencia transcriptor: SpMaBN
- Normas de descripción: rdc
- Convención/Normas de encabezamiento de materia/tesauro: embne
046 ## - FECHAS CON CODIFICACIÓN ESPECIAL
- Fecha de nacimiento: 1935
- Fecha de la muerte: 2020
100 1# - ENCABEZAMIENTO-NOMBRE DE PERSONA
- Nombre de persona: Gallardo, Manuel,
- Fechas asociadas al nombre: 1935-2020
370 ## - LUGAR ASOCIADO
- Lugar de nacimiento: España, Andalucía (Comunidad Autónoma), Córdoba (provincia), Cardeña
- Fuente del término: embne
370 ## - LUGAR ASOCIADO
- Lugar de fallecimiento: España, Madrid (Comunidad Autónoma), Madrid
- Fuente del término: embne
372 ## - CAMPO DE ACTIVIDAD
- Campo de actividad: Películas
- Campo de actividad: Teatro
- Fuente del término: tgfbne
374 ## - OCUPACIÓN
- Ocupación: Actores
- Fuente del término: embne
375 ## - GÉNERO/SEXO
- Género: Masculino
377 ## - IDIOMA ASOCIADO
- Código del idioma: Español
670 ## - FUENTE DE DATOS ENCONTRADOS
- Cita de la fuente: Los cien caballeros, D.L. 2007
- Información encontrada: créditos de la película(director, Vittorio Cottafavi ; guión, Vittorio Cottafavi ... [et al.] ; fotografía, Francisco Marín ; música, Antonio Pérez Olea)
670 ## - FUENTE DE DATOS ENCONTRADOS
- Cita de la fuente: WWW El País, 21-08-2020
- Información encontrada: (Manuel 1935-2020 Gallardo Muere en Madrid a los 85 años. Era considerado uno de los actores más relevantes de la serie televisiva Verano Azul. Nacido en Cardeña (Córdoba) actuó en el teatro a los 15 días de nacer)
- Identificador Uniforme de Recursos: https://elpais.com/cultura/2020-08-21/muere-el-actor-manuel-ga llardo-a-los-85-anos.html
670 ## - FUENTE DE DATOS ENCONTRADOS
- Cita de la fuente: ABC, 22-8-2020
- Información encontrada: (Manuel Gallardo Lechet; nació en Cardeña, Córdoba, el 3 de mayor de 1935; murió en Madrid el 21 de agosto de 2020; actor de teatro, cine y televisión)
